Trouver l'auteur du manga - Statistiques

Statistiques générales
  • Ce quiz a été pris 193 fois
  • Le résultat moyen est 8 sur 17
Statistiques - réponses
Hint Réponse % Correct
One piece Eichiro Oda
93%
Dragon ball Akira Toriyama
80%
Naruto Masashi Kishimoto
80%
Shingeki no kyojin Hajime Isayama
69%
Bleach Tite Kubo
65%
Jojo's bizarre Adventure Hirohiko Araki
63%
Berserk Kentaro Miura
58%
Hunter x Hunter Yoshihiro Togashi
57%
Fairy tail Hiro Mashima
50%
My hero academia Kohei Horikoshi
43%
Monster/20th Century Boys etc.. Naoki Urasawa
40%
Chainsaw man Tatsuki Fujimoto
40%
Death note Takeshi Obata /Tsugumi Ohba
39%
Your name /Les enfants du temps etc.. Makoto Shinkai
24%
Black clover Yuki Tabata
22%
Fire force Atsushi Ohkubo
11%
Gokden kamuy Satoru Noda
5%
Aucun quiz correspondant
Distribution des résultats
% des personnes avec chaque résultat
Percentile par nombre de réponses
Votre historique - résultats
Vous n’avez pas pris ce quiz